Destinačný marketingový manažment na trhu medzinárodného cestovného ruchu
Destinačný marketingový manažment na trhu medzinárodného cestovného ruchu si vyžaduje kooperáciu štátneho, súkromného a verejného sektora. Národná turistická organizácia je zodpovedná za rozvoj cestovného ruchu a zvyšovanie jeho výkonov. Prehľad inštitúcií a hlavných úloh národných turistických orga...
Guardado en:
| Autor principal: | |
|---|---|
| Formato: | Capítulo de libro |
| Lenguaje: | eslovaco |
| Materias: | |
| Etiquetas: |
Sin Etiquetas, Sea el primero en etiquetar este registro!
|
MARC
| LEADER | 00000naa$a2200000$$$4500 | ||
|---|---|---|---|
| 001 | 0008382 | ||
| 005 | 20231005083206.2 | ||
| 041 | 0 | |a slo | |
| 044 | |a SK | ||
| 245 | 1 | 0 | |a Destinačný marketingový manažment na trhu medzinárodného cestovného ruchu |c Ľudmila Novacká |
| 520 | |a Destinačný marketingový manažment na trhu medzinárodného cestovného ruchu si vyžaduje kooperáciu štátneho, súkromného a verejného sektora. Národná turistická organizácia je zodpovedná za rozvoj cestovného ruchu a zvyšovanie jeho výkonov. Prehľad inštitúcií a hlavných úloh národných turistických organizácií vo svete. Marketingové aktivity národných marketingových agentúr s cieľom penetrácie a zvyšovania podielu na trhu cestovného ruchu. | ||
| 610 | 2 | 0 | |a manažment |
| 610 | 2 | 0 | |a marketing |
| 610 | 2 | 0 | |a kooperácia |
| 610 | 2 | 0 | |a agentúry |
| 610 | 2 | 0 | |a trh |
| 610 | 2 | 0 | |a ruch cestovný medzinárodný |
| 100 | 1 | |a Novacká, Ľudmila, 1953- | |